000 00641nam a2200229Ia 4500
005 20240215113115.0
008 131103s9999 xx 000 0 und d
020 _cRs.13.60
040 _aLoreto College
041 _aEnglish
082 _a370.954
_bANA
100 _aNational Council Of Educational Research and Training
245 4 _aThe Teacher and Education in Emerging Indian Society,
_cC.L.Anand
260 _aDelhi
_bCouncil
_c1983
300 _axii,358 p.
_b illus.,tables
504 _aIncludes references
650 _aEducation
651 _aIndia
700 _aRuhela,S.P.,auth.
850 _aLCLIB
942 _cBK
999 _c10604
_d61083